Modern earth science (Record no. 3190)
[ view plain ]
| 000 -LEADER | |
|---|---|
| fixed length control field | 00402nam a22001697a 4500 |
| 003 - CONTROL NUMBER IDENTIFIER | |
| control field | 0 |
| 005 - DATE AND TIME OF LATEST TRANSACTION | |
| control field | 20220114142419.0 |
| 008 - FIXED-LENGTH DATA ELEMENTS--GENERAL INFORMATION | |
| fixed length control field | 0 |
| 040 ## - CATALOGING SOURCE | |
| Transcribing agency | 0 |
| 050 ## - LIBRARY OF CONGRESS CALL NUMBER | |
| Classification number | QE28 |
| Item number | .R28 1965 |
| 100 ## - MAIN ENTRY--PERSONAL NAME | |
| Personal name | Ramsey, William L. |
| 245 ## - TITLE STATEMENT | |
| Title | Modern earth science |
| Statement of responsibility, etc. | William L. Ramsey |
| 260 ## - PUBLICATION, DISTRIBUTION, ETC. | |
| Name of publisher, distributor, etc. | Ken Incorporated; |
| 300 ## - PHYSICAL DESCRIPTION | |
| Extent | viii, 664 pages: |
| Other physical details | with Illustrations; |
| Dimensions | 22 cm. |
| 504 ## - BIBLIOGRAPHY, ETC. NOTE | |
| Bibliography, etc. note | Includes index |
| 942 ## - ADDED ENTRY ELEMENTS (KOHA) | |
| Source of classification or shelving scheme | Library of Congress Classification |
| Koha item type | Foreign Books |
| Withdrawn status | Source of classification or shelving scheme | Damaged status | Not for loan | Collection code | Home library | Current library | Date acquired | Total Checkouts | Full call number | Barcode | Date last seen | Price effective from | Koha item type |
|---|---|---|---|---|---|---|---|---|---|---|---|---|---|
| Library of Congress Classification | Non-fiction | Cainta College Library | Cainta College Library | 05/24/2018 | QE 28.R28 1965 | URSCAI-1007 | 05/24/2018 | 05/24/2018 | Foreign Books | ||||
| Library of Congress Classification | Cainta College Library | Cainta College Library | 05/24/2018 | QE28.R28 1965 | URSCAI-1008 | 05/24/2018 | 05/24/2018 | Foreign Books |